La naturaleza de la doctrina. Religión y teología en una época postliberal.
Gardado en:
| Autor Principal: | |
|---|---|
| Formato: | Unknown |
| Publicado: |
Barcelona, España:
Clie,
2018.
|
| Series: | Biblioteca de Teología Actual.
|
| Subjects: | |
| Tags: |
Engadir etiqueta
Sen Etiquetas, Sexa o primeiro en etiquetar este rexistro!
|
MARC
| LEADER | 00000 a2200000 4500 | ||
|---|---|---|---|
| 003 | CL-VaPUC | ||
| 005 | 20221124172929.0 | ||
| 008 | 221017t2018 ||||| |||| 00| 0 eng d | ||
| 999 | |c 436424 |d 436422 | ||
| 020 | |a 978-84-16845-85-9 | ||
| 040 | |c Pontificia Universidad Católica de Valparaíso | ||
| 082 | |2 22 |a 230 LIN 2018 | ||
| 100 | |a Lindbeck, George A. |9 871613 |e autor | ||
| 245 | |a La naturaleza de la doctrina. |b Religión y teología en una época postliberal. | ||
| 260 | |a Barcelona, España: |b Clie, |c 2018. | ||
| 300 | |a xiii, 224 páginas. | ||
| 490 | |a Biblioteca de Teología Actual. | ||
| 583 | |k GC |c 20221017 | ||
| 650 | 0 | |9 878428 |a Teología posliberal |x Cristianismo | |
| 650 | 0 | |9 258766 |a Teología |x Filosofía y teoría | |
| 650 | 0 | |9 255164 |a Religión |x Filosofía y teoría | |
| 650 | 0 | |9 393164 |a Pluralismo religioso |v Teología | |
| 942 | |2 ddc |c BK | ||
| 952 | |0 0 |1 0 |2 ddc |4 0 |6 230_000000000000000_LIN_2018 |7 0 |8 A |9 587242 |a BIBTEO |b BIBTEO |c GEN |d 2022-10-13 |e 3 |g 19525.00 |i 5655176 |o 230 LIN 2018 |p 5655176 |r 2025-01-17 |t 1 |v 19525.00 |w 2022-10-13 |y BK |k ICR | ||